| 000 | 00592nam a2200205Ia 4500 | ||
|---|---|---|---|
| 005 | 20251020182555.0 | ||
| 008 | 200515s9999 xx 000 0 und d | ||
| 082 | _aR/69(03.8)/E24 | ||
| 110 | _aGrupo Editorial Océano S. A. | ||
| 245 | 0 | _aDiccionario de la construcción | |
| 250 | _a9a ed. | ||
| 260 | _aBarcelona | ||
| 260 | _c1996 | ||
| 300 | _a622 | ||
| 520 | _aRecopila ordenadamente todas las voces técnicas y profesionales que componen la lexicografía en el campo de la construcción. | ||
| 650 | _aCONSTRUCCION | ||
| 650 | _aDICCIONARIOS | ||
| 650 | _aLIB | ||
| 942 | _cLIB | ||
| 999 |
_c2851 _d2851 |
||